000 00918nam a2200229 a 4500
001 000348346
003 AM-YeHGA
005 20250618072159.0
008 040701s1979 ai |||||r|||||||||d|arm|d
040 _aAM-YeHGA
041 0 _aarm
100 1 _aՍանահյան, Օլգա Հարությունի,
_d1920-2013
_92345
245 1 0 _aՀեքիաթներ և պատմվածքներ /
_cՕ. Սանահյան ; Խմբ.՝ Ռ.Հ. Քալաշյան ; Նկ.՝ Ա. Բայանդուր.
260 _aԵրևան :
_bՍովետական գրող,
_c1979.
300 _a92 էջ :
_bգունանկ.
650 1 4 _aՀայ մանկական գրականություն
_xՊատմվածք
650 1 4 _aՀայ մանկական գրականություն
_xՀեքիաթ
700 1 _aՔալաշյան, Ռ.Հ.
_eխմբ.
_4edt
700 1 _aԲայանդուր, Աշոտ,
_d1947-2003
_eնկ.
_4art
_93176
942 _2udc
_cBK
090 _c134298
999 _c132931
_d132931